Heed the words of warning (Record no. 72791)

MARC details
000 -LEADER
fixed length control field 01569cam a2200241 4500
001 - CONTROL NUMBER
control field ABS66692
008 - FIXED-LENGTH DATA ELEMENTS--GENERAL INFORMATION
fixed length control field 030529n2003 000 0 eng u
035 ## - SYSTEM CONTROL NUMBER
System control number (Sirsi) u122467
100 ## - MAIN ENTRY--PERSONAL NAME
Personal name Cottam, G.
245 ## - TITLE STATEMENT
Title Heed the words of warning
260 ## - PUBLICATION, DISTRIBUTION, ETC.
Date of publication, distribution, etc. 2003
490 ## - SERIES STATEMENT
Series statement Construction News
Volume/sequential designation (6811) 10 April 2003, 47(1)
520 ## - SUMMARY, ETC.
Summary, etc. In "Sahib Foods Ltd and another v Paskin Kyriakides Sands" ([2003] EWHC 142 (TCC), X121974) claimant (S) had employed the defendant (P) to design the refurbishment of its food processing factory in 1995. When it was mostly destroyed by fire in 1998, S sued P for its losses. P had not followed advice to install non-combustible wall panels in a vulnerable room and S's staff had been negligent in allowing a fire to start. Judge found P liable for the damages caused by the fire once it damaged the rest of the factory, having not been contained in the original room. Advises that once a danger has been highlighted it should be acted on or the decision may cause future problems. View judgment at www.courtservice.gov.uk
590 ## - LOCAL NOTE (RLIN)
Local note ABS
650 ## - SUBJECT ADDED ENTRY--TOPICAL TERM
Topical term or geographic name entry element SAHIB FOODS LTD AND ANOTHER V PASKIN KYRIAKIDES SANDS
650 ## - SUBJECT ADDED ENTRY--TOPICAL TERM
Topical term or geographic name entry element WALL CLADDING
650 ## - SUBJECT ADDED ENTRY--TOPICAL TERM
Topical term or geographic name entry element FACTORY BUILDINGS
650 ## - SUBJECT ADDED ENTRY--TOPICAL TERM
Topical term or geographic name entry element FIRE CONTROL
650 ## - SUBJECT ADDED ENTRY--TOPICAL TERM
Topical term or geographic name entry element NEGLIGENCE
690 ## - LOCAL SUBJECT ADDED ENTRY--TOPICAL TERM (OCLC, RLIN)
Topical term or geographic name as entry element MANGEMENT-DISPUTE AVOIDANCE, MANAGEMENT AND RESOLUTION-DISPUTE MANAGEMENT AND RESOLUTION
856 ## - ELECTRONIC LOCATION AND ACCESS
Uniform Resource Identifier <a href="https://www.bailii.org/cgi-bin/markup.cgi?doc=/ew/cases/EWHC/TCC/2003/142.html&query=sahib+and+foods&method=boolean">https://www.bailii.org/cgi-bin/markup.cgi?doc=/ew/cases/EWHC/TCC/2003/142.html&query=sahib+and+foods&method=boolean</a>
Public note View the judgment free of charge at www.bailii.org
942 ## - ADDED ENTRY ELEMENTS (KOHA)
Suppress in OPAC 0
Holdings
Withdrawn status Lost status Source of classification or shelving scheme Damaged status Not for loan Home library Current library Shelving location Date acquired Total Checkouts Full call number Barcode Date last seen Copy number Price effective from Koha item type
    Dewey Decimal Classification     London London Journal article 29/05/2003   ABS66692 122467-1001 06/08/2019 1 06/08/2019 Journal article